Geography Quiz

Random Geography or World Quiz

'K' World Metros Quiz Stats

 Plays Quiz Updated Mar 8, 2016

Also try: 'C' World Metros
Challenge
Share
Tweet
Embed
Score 0/20 Timer 07:00
2 Plays Today
Rank City % Correct
207Kansas City, USA
62.9%
110Kyiv, Ukraine
54.9%
14Karachi, Pakistan
53.1%
31Kinshasa, DRC
52.3%
66Kuala Lumpur, Malaysia
52.3%
13Kolkata, India
49.2%
134Kabul, Afghanistan
44.2%
64Khartoum, Sudan
42.1%
240Kuwait City, Kuwait
35.7%
215Kampala, Uganda
34.7%
Rank City % Correct
112Kano, Nigeria
17.4%
170Katowice, Poland
17.4%
244Kharkov, Ukraine
16.5%
123Kunming, China
13.1%
99Kanpur, India
12.1%
142Kaohsiung, Taiwan
8.9%
261Kochi, India
8.5%
284Kumasi, Ghana
8.3%
276Kaduna, Nigeria
7.1%
293Kitakyushu, Japan
6.8%

You're not logged in!

Compare scores with friends on all Sporcle quizzes.
Join for Free
OR
Log In

You Might Also Like...

Show Comments

Extras

Top Quizzes Today


Score Distribution

Your Account Isn't Verified!

In order to create a playlist on Sporcle, you need to verify the email address you used during registration. Go to your Sporcle Settings to finish the process.

Report this User

Report this user for behavior that violates our Community Guidelines.

Details: